Normal view
MARC view
- Supervisor Dr. Muhammad Usman Akram Co-Supervisor Dr. Usman Qayyum (NESCOM)
Entry Corporate Name
001 - CONTROL NUMBER
- control field: 85337
003 - CONTROL NUMBER IDENTIFIER
- control field: NUST
005 - DATE AND TIME OF LATEST TRANSACTION
- control field: 20211130165347.0
008 - FIXED-LENGTH DATA ELEMENTS
- fixed length control field: 211130|| aca||aabn | a|a d
040 ## - CATALOGING SOURCE
- Original cataloging agency: NUST
- Transcribing agency: NUST
110 ## - HEADING--CORPORATE NAME
- Corporate name or jurisdiction name as entry element: Supervisor Dr. Muhammad Usman Akram Co-Supervisor Dr. Usman Qayyum (NESCOM)
670 ## - SOURCE DATA FOUND
- Source citation: Work cat.: (NUST): Wajiha Rahim Khan 85336, TH-SOF-1749-Automated Target Detection in Aerial Images using Convolutions Neural Networks (CNN), 2020
